Obras completas / (Record no. 15874)

MARC details
000 -LEADER
campo de control de longitud fija 01555nam a22002771 4500
001 - NÚMERO DE CONTROL
campo de control 15874
003 - IDENTIFICADOR DE NÚMERO DE CONTROL
campo de control ES-MaACL
005 - FECHA Y HORA DE LA ÚLTIMA TRANSACCIÓN
campo de control 20250712024241.0
007 - CAMPO FIJO DE DESCRIPCIÓN FÍSICA--INFORMACIÓN GENERAL
campo de control de longitud fija t|
008 - DATOS DE LONGITUD FIJA--INFORMACIÓN GENERAL
campo de control de longitud fija 000512s1997 sp a |||| |bspa
020 ## - NÚMERO INTERNACIONAL ESTÁNDAR DEL LIBRO
Número Internacional Estándar del Libro 84-88306-33-4
080 ## - NÚMERO DE LA CLASIFICACIÓN DECIMAL UNIVERSAL
Número de la Clasificación Decimal Universal 081 Cánovas del Castillo, Antonio
080 ## - NÚMERO DE LA CLASIFICACIÓN DECIMAL UNIVERSAL
Número de la Clasificación Decimal Universal 821.134.2-82"18"
100 1# - ENTRADA PRINCIPAL--NOMBRE DE PERSONA
Nombre de persona Cánovas del Castillo, Antonio,
Fechas asociadas al nombre 1828-1897
9 (RLIN) 34600
245 10 - MENCIÓN DEL TÍTULO
Título Obras completas /
Mención de responsabilidad, etc. Antonio Cánovas del Castillo ; prólogo, José María Aznar ; presentación, Carlos Robles Piquer ; introducción general, José María García Escudero ; introducción a la edición, Luis E. Togores Sánchez.
260 ## - PUBLICACIÓN, DISTRIBUCIÓN, ETC.
Lugar de publicación, distribución, etc. Madrid :
Nombre del editor, distribuidor, etc. Fundación Cánovas del Castillo,
Fecha de publicación, distribución, etc. 1997.
300 ## - DESCRIPCIÓN FÍSICA
Extensión 13 v. :
Otras características físicas il. ;
Dimensiones 25 cm.
505 8# - NOTA DE CONTENIDO CON FORMATO
Nota de contenido con formato Contiene: 1. Obras históricas - 2. Discursos políticos y parlamentarios - 3. Biografías - 4. Escritos de economía política - 5. Creación literaria y poética - 6. Crítica literaria, epistolario y otros escritos - 7. Obra miscelánea humanística - 8. Intervenciones parlamentarias I - 9. Intervenciones parlamentarias II - 10. Intervenciones parlamentarias III - 11. Intervenciones parlamentarias IV - 12. Intervenciones parlamentarias V - 13. Índices
700 1# - ENTRADA AGREGADA--NOMBRE PERSONAL
Nombre de persona Aznar, José María,
Fechas asociadas al nombre 1953-
9 (RLIN) 24301
700 1# - ENTRADA AGREGADA--NOMBRE PERSONAL
Nombre de persona Robles Piquer, Carlos,
Fechas asociadas al nombre 1925-2018
9 (RLIN) 97951
700 1# - ENTRADA AGREGADA--NOMBRE PERSONAL
Nombre de persona García Escudero, José María.
9 (RLIN) 54570
700 1# - ENTRADA AGREGADA--NOMBRE PERSONAL
Nombre de persona Togores Sánchez, Luis Eugenio.
9 (RLIN) 110423
710 2# - ENTRADA AGREGADA--NOMBRE DE ENTIDAD CORPORATIVA
Nombre de entidad corporativa o nombre de jurisdicción como elemento de entrada Fundación Cánovas del Castillo.
9 (RLIN) 4244
852 ## - LOCALIZACIÓN
Ubicación ES-MaACL
Número de control de estantería L-22828-40
Holdings
Estatus retirado Estado de pérdida Estado de daño No para préstamo Biblioteca de origen Biblioteca actual Ubicación en estantería Fecha de adquisición Fuente de adquisición Total de préstamos Signatura topográfica completa Código de barras Visto por última vez Precio de reemplazo Tipo de ítem Koha
        Biblioteca del Ateneo de Madrid Biblioteca del Ateneo de Madrid Depósito 2 17/01/2008     L-22828-40 1016134 23/02/2023 23/02/2023 Libro impreso